[Event "Moscow RGGU-ch 10th"]
[Site "Moscow"]
[Date "2021.03.27"]
[Round "2"]
[White "Shubin, Gleb"]
[Black "Bondarev, Sergey1111"]
[Result "1/2-1/2"]
[WhiteElo "1960"]
[BlackElo "2005"]
[PlyCount "74"]
[EventDate "2021.03.20"]
[EventType "swiss"]
[EventRounds "7"]
[EventCountry "RUS"]
[SourceTitle "EXT 2022"]
[Source "ChessBase"]
[SourceDate "2021.10.06"]
[SourceVersion "1"]
[SourceVersionDate "2021.10.06"]
[SourceQuality "1"]

1. c4 c6 2. d4 d5 3. cxd5 cxd5 4. Nc3 Nf6 5. Nf3 e6 6. Bf4 a6 7. Rc1 Nc6 8. e3 Bd6 9. Bxd6 Qxd6 10. Bd3 0-0 11. 0-0 Bd7 12. e4 dxe4 13. Nxe4 Nxe4 14. Bxe4 Rfd8 15. d5 exd5 16. Bxd5 Be6 17. Bxe6 Qxe6 18. Qa4 Rd6 19. Rfe1 Qf6 20. h3 Rad8 21. Qb3 b5 22. Qe3 h6 23. Qe4 Nd4 24. Nxd4 Rxd4 25. Qc6 R8d6 26. Qe8+ Kh7 27. Rc8 Rd2 28. Qe4+ g6 29. Rf1 Re6 30. Qb4 Ree2 31. Qf8 Qg7 32. Ra8 Qxf8 33. Rxf8 Rxb2 34. Rxf7+ Kh8 35. Rc1 Rec2 36. Rd1 Rd2 37. Rc1 Rdc2 1/2-1/2

[Event "Moscow RGGU op"]
[Site "Moscow"]
[Date "2019.04.20"]
[Round "6"]
[White "Shubin, Gleb"]
[Black "Bogdanovskiy, Maksim"]
[Result "1-0"]
[WhiteElo "1948"]
[BlackElo "2171"]
[PlyCount "133"]
[EventDate "2019.03.16"]
[EventType "swiss"]
[EventRounds "7"]
[EventCountry "RUS"]
[SourceTitle "CBM 190 Extra"]
[Source "ChessBase"]
[SourceDate "2019.07.15"]
[SourceVersion "1"]
[SourceVersionDate "2019.07.15"]
[SourceQuality "1"]

1. e4 c5 2. Nf3 Nc6 3. d4 cxd4 4. Nxd4 Nf6 5. Nc3 e5 6. Ndb5 d6 7. Bg5 a6 8. Na3 b5 9. Nd5 Be7 10. Bxf6 Bxf6 11. c3 Bg5 12. Nc2 Rb8 13. Bd3 Be6 14. Nce3 0-0 15. 0-0 Ne7 16. Bc2 g6 17. Bb3 a5 18. Nxe7+ Qxe7 19. Nd5 Qb7 20. a3 Kg7 21. Qe2 Bxd5 22. Bxd5 Qb6 23. Qg4 Be7 24. Qd7 Qd8 25. Qxd8 Bxd8 26. g3 Bb6 27. Kg2 Rbc8 28. f4 b4 29. axb4 axb4 30. Ra6 Bc5 31. fxe5 dxe5 32. cxb4 Bxb4 33. Ra7 Rc2+ 34. Kh3 Rxb2 35. Rfxf7+ Rxf7 36. Rxf7+ Kh6 37. Rb7 Kg5 38. Rxh7 Bc5 39. Rb7 Re2 40. Rb1 Kh5 41. Ra1 Be3 42. Be6 Kg5 43. Ra2 Bd2 44. Bd5 Rf2 45. Ra1 Bc3 46. Rg1 Kh5 47. Rg2 Rf1 48. Rc2 Bd4 49. Ra2 g5 50. Kg2 Rg1+ 51. Kf3 g4+ 52. Ke2 Rg2+ 53. Kd3 Rg1 54. Be6 Rc1 55. Ra8 Rh1 56. Rg8 Bg1 57. Bxg4+ Kh6 58. h4 Kh7 59. Rg5 Bf2 60. Bf5+ Kh6 61. Rg6+ Kh7 62. Rg5+ Kh6 63. Ke2 Bd4 64. Rg8 Rg1 65. g4 Rg2+ 66. Kf3 Rb2 67. g5+ 1-0